Statistics for Famous Dictators Quiz #1

Click here to take the quiz!

General Stats

  • This quiz has been taken 91,375 times
    (71,890 since last reset)
  • The average score is 14 of 22

Answer Stats

Dictator Country % Correct
Adolf HitlerGermany
100%
Benito MussoliniItaly
98%
Mao ZedongChina
97%
Kim Jong-ilNorth Korea
94%
Napoleon BonaparteFrance
93%
Fidel CastroCuba
92%
Saddam HusseinIraq
90%
Francisco FrancoSpain
75%
Muammar al-GaddafiLibya
74%
Leonid BrezhnevSoviet Union
63%
Hosni MubarakEgypt
55%
Augusto PinochetChile
54%
Josip Broz TitoYugoslavia
53%
Nicolae CeausescuRomania
53%
Robert MugabeZimbabwe
51%
Idi AminUganda
46%
Fran├žois "Papa Doc" DuvalierHaiti
44%
Manuel NoriegaPanama
36%
Ferdinand MarcosPhilippines
36%
Mobutu Sese SekoZaire
28%
SullaRome
16%
Rafael TrujilloDominican Republic
15%

Score Distribution

Percentile by Number Answered

Percent of People with Each Score

Your Score History

You have not taken this quiz since the last reset